[Event "Banja Luka op-A"]
[Site "Banja Luka"]
[Date "2024.04.27"]
[Round "3"]
[White "Milekic, Daniel"]
[Black "Ratkovic, Petar"]
[Result "1/2-1/2"]
[WhiteElo "2203"]
[BlackElo "2134"]
[PlyCount "92"]
[EventDate "2024.04.26"]
[EventType "swiss"]
[EventRounds "5"]
[EventCountry "BIH"]
[SourceTitle "CB19_2024"]
[SourceDate "2024.05.08"]
[SourceVersion "1"]
[SourceVersionDate "2024.05.08"]
[SourceQuality "1"]

1. d4 d5 2. c4 dxc4 3. e3 e5 4. Bxc4 exd4 5. exd4 Nf6 6. Nf3 Bd6 7. 0-0 0-0 8. h3 h6 9. Nc3 Nc6 10. Qc2 Ne7 11. Re1 Bf5 12. Qb3 Nc6 13. a3 a6 14. Qd1 b5 15. Bb3 b4 16. Na4 bxa3 17. bxa3 Rb8 18. Bc4 Qc8 19. Ne5 Na5 20. Ba2 Qb7 21. Re3 Rbd8 22. Bd2 Nc6 23. Qf3 Be4 24. Rxe4 Nxe4 25. Bxf7+ Rxf7 26. Qxf7+ Kh8 27. Ng6+ Kh7 28. Be3 Nf6 29. Nh4 Ne7 30. Nc5 Qb2 31. Rf1 Bxc5 32. dxc5 Qe5 33. Nf3 Qe4 34. Re1 Nf5 35. Bg5 Qd5 36. Qxd5 Rxd5 37. Bxf6 gxf6 38. Re6 Rxc5 39. Rxf6 Rc1+ 40. Kh2 Nd6 41. Re6 a5 42. Re5 c5 43. Re6 Rd1 44. Re5 Rc1 45. Re6 Rd1 46. Re5 Rc1 1/2-1/2

[Event "SRB-chT 2nd League"]
[Site "Vrnjacka Banja"]
[Date "2022.11.04"]
[Round "1.2"]
[White "Bokan, Danko"]
[Black "Milekic, Daniel"]
[Result "1/2-1/2"]
[WhiteElo "2116"]
[BlackElo "2264"]
[PlyCount "72"]
[EventDate "2022.11.04"]
[EventType "team-tourn"]
[EventRounds "11"]
[EventCountry "SRB"]
[SourceTitle "CBM 211 Extra"]
[Source "ChessBase"]
[SourceDate "2023.01.31"]
[SourceVersion "1"]
[SourceVersionDate "2023.01.31"]
[SourceQuality "1"]
[WhiteTeam "Pancevo Gligoric"]
[BlackTeam "Dec"]
[WhiteTeamCountry "SRB"]
[BlackTeamCountry "SRB"]

1. e4 c5 2. Nf3 d6 3. d4 cxd4 4. Nxd4 Nf6 5. Nc3 a6 6. Bc4 e6 7. a3 b5 8. Ba2 Be7 9. 0-0 0-0 10. f4 Bb7 11. f5 e5 12. Nde2 Nbd7 13. Ng3 Rc8 14. Re1 h6 15. Be3 Nb6 16. Bxb6 Qxb6+ 17. Kh1 a5 18. Re2 b4 19. axb4 axb4 20. Nd5 Bxd5 21. Bxd5 Ng4 22. Qg1 Bd8 23. h3 Qxg1+ 24. Rxg1 Nf6 25. Rd1 Bb6 26. Bb3 Bd4 27. Red2 h5 28. h4 Rc7 29. Rxd4 exd4 30. Rxd4 Ra8 31. Kh2 Ra1 32. Rxb4 Re1 33. Rd4 Ra7 34. Rxd6 Raa1 35. Rd8+ Kh7 36. Bxf7 Ng4+ 1/2-1/2

[Event "BIH-chT1A 28th"]
[Site "Mostar"]
[Date "2021.08.06"]
[Round "1.3"]
[White "Milekic, Daniel"]
[Black "Koso, Ekrem"]
[Result "1-0"]
[WhiteElo "2291"]
[BlackElo "2199"]
[PlyCount "87"]
[EventDate "2021.08.06"]
[EventType "team-tourn"]
[EventRounds "9"]
[EventCountry "BIH"]
[SourceTitle "CBM 203 Extra"]
[Source "ChessBase"]
[SourceDate "2021.09.30"]
[SourceVersion "1"]
[SourceVersionDate "2021.09.30"]
[SourceQuality "1"]
[WhiteTeam "Cazin Ljiljan"]
[BlackTeam "Mostar Zrinjski"]
[WhiteTeamCountry "BIH"]
[BlackTeamCountry "BIH"]

1. d4 Nf6 2. c4 c5 3. d5 g6 4. Nc3 d6 5. e4 b5 6. cxb5 a6 7. Nf3 Bg7 8. a4 0-0 9. Bg5 Qa5 10. Nd2 axb5 11. Bxb5 Ba6 12. 0-0 h6 13. Be3 Nbd7 14. Nc4 Qc7 15. h3 Rfb8 16. Qc2 Ne8 17. Bxa6 Rxa6 18. Nb5 Qd8 19. Rab1 Nc7 20. Nxc7 Qxc7 21. b3 Rf8 22. Qd2 Kh7 23. a5 f5 24. exf5 Rxf5 25. g4 Ne5 26. f4 Nxc4 27. bxc4 Rf8 28. Rb5 Rfa8 29. Qd3 Rxa5 30. Rxa5 Qxa5 31. f5 Bf6 32. fxg6+ Kg7 33. Qf5 Rh8 34. h4 Qc3 35. Qe4 Qxe3+ 36. Qxe3 Bd4 37. Qxd4+ cxd4 38. h5 Rc8 39. Rf7+ Kg8 40. g5 hxg5 41. h6 g4 42. Kg2 d3 43. Rf2 Rxc4 44. h7+ 1-0

[Event "Mediterranean-ch 11th"]
[Site "Petrovac"]
[Date "2021.06.21"]
[Round "4"]
[White "Milekic, Daniel"]
[Black "Shabanaj, Eglantina"]
[Result "1-0"]
[WhiteElo "2336"]
[BlackElo "1996"]
[PlyCount "88"]
[EventDate "2021.06.19"]
[EventType "swiss"]
[EventRounds "9"]
[EventCountry "MNE"]
[SourceTitle "CBM 203 Extra"]
[Source "ChessBase"]
[SourceDate "2021.09.30"]
[SourceVersion "1"]
[SourceVersionDate "2021.09.30"]
[SourceQuality "1"]

1. d4 d5 2. c4 c6 3. Nc3 e6 4. e4 dxc4 5. Bxc4 b5 6. Bb3 Nf6 7. e5 Nd5 8. Nxd5 exd5 9. Ne2 Be6 10. 0-0 Qd7 11. Nf4 Na6 12. Be3 Be7 13. Rc1 Rc8 14. h3 g6 15. Nd3 h5 16. Qd2 Bf5 17. Rfd1 Qd8 18. a4 b4 19. Qe2 h4 20. e6 fxe6 21. Ne5 Nb8 22. Bc2 Bf6 23. Nxg6 Bxg6 24. Bxg6+ Kd7 25. Bh5 Qe7 26. Bg4 Rce8 27. Bf4 Bg5 28. Bxg5 Qxg5 29. Qc2 Qe7 30. Re1 Rh6 31. Re3 Qd6 32. Rce1 Na6 33. Qe2 Nc7 34. Re5 Rf6 35. Qe3 Ref8 36. f3 a5 37. Rc1 Na6 38. Qd3 Nc7 39. Qh7+ R8f7 40. Qxh4 Rf4 41. Qf2 b3 42. Qe3 Qb4 43. Rxe6 Rxg4 44. Rexc6 Qxd4 1-0

[Event "Mediterranean-ch 11th"]
[Site "Petrovac"]
[Date "2021.06.20"]
[Round "3"]
[White "Ince, Taylan Ruzgar"]
[Black "Milekic, Daniel"]
[Result "1/2-1/2"]
[WhiteElo "2011"]
[BlackElo "2336"]
[PlyCount "58"]
[EventDate "2021.06.19"]
[EventType "swiss"]
[EventRounds "9"]
[EventCountry "MNE"]
[SourceTitle "CBM 203 Extra"]
[Source "ChessBase"]
[SourceDate "2021.09.30"]
[SourceVersion "1"]
[SourceVersionDate "2021.09.30"]
[SourceQuality "1"]

1. d4 Nf6 2. c4 g6 3. Nf3 Bg7 4. g3 d5 5. Bg2 dxc4 6. Na3 c3 7. bxc3 0-0 8. 0-0 c5 9. Re1 Nc6 10. Bb2 Qb6 11. Nc4 Qa6 12. Nfe5 Nxe5 13. Nxe5 Nd7 14. Nd3 Qa5 15. Qb3 Rb8 16. a4 Qc7 17. Nf4 b6 18. Rad1 Bb7 19. Nd5 Bxd5 20. Bxd5 e5 21. dxe5 Nxe5 22. c4 Rbd8 23. Kg2 Nc6 24. Bxg7 Kxg7 25. Qc3+ f6 26. h4 Nb4 27. Bf3 Rxd1 28. Rxd1 Rd8 29. Rxd8 Qxd8 1/2-1/2

[Event "Vojvodina-chT 2nd League"]
[Site "Backa Palanka"]
[Date "2020.10.22"]
[Round "10.1"]
[White "Runic, Zoran"]
[Black "Milekic, Daniel"]
[Result "1/2-1/2"]
[WhiteElo "2348"]
[BlackElo "2330"]
[PlyCount "102"]
[EventDate "2020.10.16"]
[EventType "team-tourn"]
[EventRounds "11"]
[EventCountry "SRB"]
[SourceTitle "EXT 2022"]
[Source "ChessBase"]
[SourceDate "2021.10.06"]
[SourceVersion "1"]
[SourceVersionDate "2021.10.06"]
[SourceQuality "1"]
[WhiteTeam "Backa Palanka"]
[BlackTeam "Vojka Sremac"]
[WhiteTeamCountry "SRB"]
[BlackTeamCountry "SRB"]

1. e4 c5 2. Nf3 d6 3. d4 cxd4 4. Nxd4 Nf6 5. Nc3 a6 6. Bc4 e6 7. a3 Be7 8. Ba2 0-0 9. g4 d5 10. exd5 Nxd5 11. Nxd5 exd5 12. Nf5 Bxf5 13. gxf5 d4 14. Rg1 Qa5+ 15. Kf1 Qxf5 16. Qxd4 Bf6 17. Qd5 Qh3+ 18. Qg2 Qxg2+ 19. Kxg2 Nc6 20. c3 Rad8 21. Be3 Rd7 22. Rad1 Rfd8 23. Rxd7 Rxd7 24. Kf3 b5 25. Ke2 Ne5 26. h3 Nc4 27. Bxc4 bxc4 28. Rg4 Rc7 29. Re4 Rc8 30. Bc5 Bg5 31. Rxc4 Bc1 32. Rb4 f5 33. Be3 Re8 34. Kf3 Bxe3 35. fxe3 g5 36. Rb6 Kg7 37. Rc6 h5 38. b4 Re4 39. Rxa6 Rc4 40. Ra5 g4+ 41. hxg4 fxg4+ 42. Kg3 Rxc3 43. Kf4 Kh6 44. Ra8 Rc6 45. b5 Rf6+ 46. Ke5 Rg6 47. Ra6 g3 48. Kf5 Rxa6 49. bxa6 g2 50. a7 g1Q 51. a8Q Qg5+ 1/2-1/2

[Event "Belgrade-chT Quality"]
[Site "Belgrade"]
[Date "2018.09.24"]
[Round "7.3"]
[White "Velickovic, Sasa"]
[Black "Milekic, Daniel"]
[Result "1-0"]
[WhiteElo "2294"]
[BlackElo "2309"]
[PlyCount "61"]
[EventDate "2018.09.17"]
[EventType "team-tourn"]
[EventRounds "11"]
[EventCountry "SRB"]
[SourceTitle "CBM 186 Extra"]
[Source "ChessBase"]
[SourceDate "2018.08.24"]
[SourceVersion "1"]
[SourceVersionDate "2018.08.24"]
[SourceQuality "1"]
[WhiteTeam "Crvena Zvezda"]
[BlackTeam "Rudovci Radnicki"]
[WhiteTeamCountry "SRB"]
[BlackTeamCountry "SRB"]

1. e4 e5 2. Nf3 Nc6 3. Bb5 Nf6 4. Qe2 Bc5 5. 0-0 Nd4 6. Nxd4 Bxd4 7. c3 Bb6 8. d3 c6 9. Ba4 d6 10. Kh1 0-0 11. Bb3 Bg4 12. f3 Be6 13. Na3 Nh5 14. g4 Nf4 15. Bxf4 exf4 16. d4 Bxb3 17. axb3 d5 18. Rae1 Re8 19. Qd3 Qg5 20. Re2 Qg6 21. Rfe1 h5 22. gxh5 Qxh5 23. exd5 Rxe2 24. Rxe2 cxd5 25. Re5 Qh4 26. Qe2 Rd8 27. Nc2 Rd6 28. Nb4 Bd8 29. Rxd5 Rh6 30. Nd3 g6 31. Rd7 1-0

[Event "BIH-chT1"]
[Site "Dvorovi"]
[Date "2016.08.14"]
[Round "9"]
[White "Aleksic, Neven"]
[Black "Milekic, Daniel"]
[Result "1/2-1/2"]
[WhiteElo "2158"]
[BlackElo "2255"]
[PlyCount "47"]
[EventDate "2016.08.06"]
[EventType "team-tourn"]
[EventRounds "9"]
[EventCountry "BIH"]
[SourceTitle "CBM 174 Extra"]
[Source "ChessBase"]
[SourceDate "2016.10.10"]
[SourceVersion "1"]
[SourceVersionDate "2016.10.10"]
[SourceQuality "1"]

1. d4 d5 2. c4 c6 3. cxd5 cxd5 4. Nc3 Nf6 5. Bf4 Nc6 6. e3 a6 7. Bd3 Bg4 8. Nge2 e6 9. 0-0 Be7 10. a3 0-0 11. b4 b5 12. Rc1 Rc8 13. f3 Bh5 14. a4 Nxb4 15. axb5 Nxd3 16. Qxd3 Bg6 17. Qd1 axb5 18. Nxb5 Rxc1 19. Qxc1 Qa5 20. Nec3 Bd3 21. Qa1 Qb4 22. Rd1 Bg6 23. Qa7 Re8 24. Nc7 1/2-1/2